Les 10 joueurs avec le plus de trophée d'homme du match cette saison. - Statistiques

Statistiques générales
  • Ce quiz a été pris 134 fois
  • Le résultat moyen est 8 sur 10
Statistiques - réponses
Trophée Joueurs clubs % Correct
13 Kylian Mbappe PSG
99%
15 Antoine Griezmann Atletico
97%
19 Lionel Messi PSG
97%
9 Kevin De Bruyne Man City
88%
9 Vinicius Real
88%
11 Randal Kolo Muani Eintracht
84%
10 Robert Lewandowski Barca
84%
10 Lautaro Martinez Inter
83%
9 Christopher Nkunku Leipzig
79%
9 Khvicha Kvaratskhelia Napoli
34%
Aucun quiz correspondant
Distribution des résultats
% des personnes avec chaque résultat
Percentile par nombre de réponses
Votre historique - résultats
Vous n’avez pas pris ce quiz